00266nam a2200097Ia 4500008004100000100002800041245003100069260004200100260000900142999001700151170620s9999 xx 000 0 und d aRao- Digumarti Bhaskara 0aEducational Administration bNew Delhi- Discovery Publishing House c2006 c24336d24336